Statystyki dla Jakie były pierwsze championy dodane do League of Legends ?

Kliknij tutaj aby rozwiązać quiz!

Ogólne statystyki

  • Ten quiz został rozwiązany 23 razy
  • Średni wynik to 23 z 40

Statystyki odpowiedzi

HintOdpowiedź% Poprawnych
2Amumu
84%
4Annie
84%
5Ashe
79%
26Ryze
79%
3Anivia
74%
39Warwick
74%
1Alistar
68%
14Janna
68%
7Cho'Gath
63%
18Katarina
63%
22Morgana
63%
23Nasus
63%
31Soraka
63%
33Teemo
63%
35Tryndamere
63%
19Kayle
58%
20Malphite
58%
24Nunu
58%
29Sion
58%
30Sivir
58%
36Twisted Fate
58%
38Veigar
58%
6Blitzcrank
53%
15Jax
53%
16Karthus
53%
21Master Yi
53%
32Taric
53%
8Corki
47%
10Evelynn
47%
11Fiddlesticks
47%
13Heimerdinger
47%
28Singed
47%
34Tristana
47%
25Rammus
42%
27Shaco
42%
40Zilean
42%
9Dr. Mundo
32%
12Gangplank
32%
17Kassadin
32%
37Twitch
32%

Rozkład punktacji

Percentyl według liczby udzielonych odpowiedzi

Procent ludzi z każdym wynikiem

Twoja historia wyników

Nie rozwiązałeś tego quizu